Statistiques concernant Les pays et capitales d'Europe

Cliquez ici pour prendre le quiz!

Statistiques générales

  • Ce quiz a été pris 217 fois
  • Le résultat moyen est 42 sur 49

Statistiques - réponses

HintRéponse% Correct
ParisFrance
99%
RomeItalie
98%
LuxembourgLuxembourg
98%
LisbonnePortugal
96%
MoscouRussie
96%
BerlinAllemagne
95%
MonacoMonaco
95%
OsloNorvège
95%
AmsterdamPays-Bas
95%
MadridEspagne
94%
StockholmSuède
94%
LondresAngleterre
93%
BruxellesBelgique
93%
AthènesGrèce
93%
DublinIrlande
93%
KievUkraine
93%
VienneAutriche
92%
VarsoviePologne
92%
BerneSuisse
92%
Cité du VaticanVatican
92%
Andorre la VieilleAndorre
91%
RigaLettonie
90%
BucarestRoumanie
90%
CopenhagueDanemark
89%
BudapestHongrie
89%
PragueRépublique Tchèque
89%
HelsinkiFinlande
88%
ReykjavikIslande
88%
VilniusLituanie
88%
SofiaBulgarie
87%
ZagrebCroatie
87%
TallinnEstonie
87%
La ValetteMalte
85%
Saint-MarinSaint-Marin
85%
MinskBiélorussie
82%
TiranaAlbanie
81%
EdimbourgEcosse
81%
BratislavaSlovaquie
80%
BelgradeSerbie
78%
SarajevoBosnie-Herzégovine
76%
LjubljanaSlovénie
76%
PristinaKosovo
74%
PodgoricaMontenegro
72%
NicosieChypre
71%
SkopjeMacédoine
70%
BelfastIrlande du Nord
69%
CardiffPays de Galles
69%
VaduzLiechtenstein
67%
ChisinauMoldavie
64%

Distribution des résultats

Percentile par nombre de réponses

% des personnes avec chaque résultat

Votre développement - résultats

Vous n’avez pas pris ce quiz